Normal view
MARC view
- Salt Range (Pakistan)
Entry Geographic Name
001 - CONTROL NUMBER
- control field: 4278
003 - CONTROL NUMBER IDENTIFIER
- control field: NUST
005 - DATE AND TIME OF LATEST TRANSACTION
- control field: 20170825123747.0
008 - FIXED-LENGTH DATA ELEMENTS
- fixed length control field: 170825|| aca||aabn | a|a d
040 ## - CATALOGING SOURCE
- Original cataloging agency: NUST
- Transcribing agency: NUST
151 ## - HEADING--GEOGRAPHIC NAME
- Geographic name: Salt Range (Pakistan)
- General subdivision: History.
670 ## - SOURCE DATA FOUND
- Source citation: Work cat.: (NUST)0: Rashid, Salman, 1952- 3759, The Salt Range and the Potohar Plateau /, 2001.
